| 000 | 00851cam a22002655a 4500 | ||
|---|---|---|---|
| 001 | L157483 | ||
| 008 | 121219s2012 xxk f 000 0 eng d | ||
| 020 | _a9781848063006 | ||
| 035 | _a(Sirsi) u157483 | ||
| 041 | 0 | _aeng | |
| 100 | 1 | _aScivyer, Chris | |
| 245 | 0 | 0 | _aRadon solutions in homes: improving underfloor ventilation |
| 260 |
_aWatford _bBRE _c2012 |
||
| 300 |
_a8p. _bill. _c30cm. |
||
| 490 | 0 |
_aBRE Good Repair Guide _v(37/1) |
|
| 520 | _aThe guide offers advice to builders and homeowners carrying out installation works to increase ventilation under suspended ground floors. | ||
| 521 | _aIntroductory | ||
| 650 | 2 | 4 | _aRADON PROTECTION |
| 650 | 2 | 4 | _aRADON GAS |
| 650 | 2 | 4 | _aUNDERFLOOR VENTILATION |
| 651 | 4 |
_aUnited Kingdom _y |
|
| 690 |
_aHealth and safety _96244 |
||
| 690 | _aBuilding materials and defects | ||
| 942 | _n0 | ||
| 999 |
_c114789 _d114789 |
||